Software Quality Engineering : Testing, Quality Assurance, and Quantifiable improvement

Saved in:
Bibliographic Details
Main Author: Tian, Jeff (Author)
Format: Book
Language:English
Published: Hoboken : John Wiley & Sons, Inc., 2005
Tags: Add Tag
No Tags, Be the first to tag this record!

MARC

LEADER 00000nam a22000003a 4500
001 stu262584
005 20190206124631.2
008 130213s--------xxu-----------------eng-d
020 |a 0-471-71345-7 
040 |a STU  |b slo 
041 0 |a eng 
044 |a xxu 
100 1 |a Tian, Jeff  |4 aut 
245 1 |a Software Quality Engineering :  |b Testing, Quality Assurance, and Quantifiable improvement 
260 |a Hoboken :  |b John Wiley & Sons, Inc.,  |c 2005 
300 |a 412 s 
996 |b 284IZ00562  |c I*20KS5623  |l II680  |s A  |a 24  |w stu262584_0001